| 000 | 00928nam a2200253 a 4500 | ||
|---|---|---|---|
| 001 | BRCA_6600 | ||
| 005 | 20190320205524.0 | ||
| 008 | 081010c1964----ag-af#####---#000-0#spa-# | ||
| 041 | _aspa | ||
| 044 | _aag | ||
| 050 | 4 |
_aND553 _b.P56 45 1964 |
|
| 245 | 1 | 0 |
_aMurillo _cmonografía por Rafael Causa ; traducción por Jesús López Pacheco ; el juicio del siglo XX, por Ernesto B. Rodríguez. |
| 260 |
_aArgentina _bCodex _c[1964] |
||
| 300 |
_a1 v. (sin paginación) _bil., 16 láminas a color _c36 cm. |
||
| 440 | 0 |
_aPinacoteca de los genios : la más grandiosa colección de arte del mundo _v45 _916488 |
|
| 500 | _aIncluye índice de ilustraciones | ||
| 500 | _aDonación Dra. Elsa Barberena | ||
| 600 | 1 | 4 |
_aMurillo, Bartolomé Esteban _d1617-1682 _913827 |
| 700 | 1 |
_aCausa, Rafael _916489 |
|
| 700 | 1 |
_aRodríguez, Ernesto B. _912094 |
|
| 700 | 1 |
_aLópez Pacheco, Jesús _etr. _916490 |
|
| 902 | _aDEB | ||
| 942 |
_2lcc _cB |
||
| 999 |
_c6284 _d6284 |
||